The Crisis of Color and Democracy = La crisis del color y la democracia /
Na minha lista:
| Autor principal: | |
|---|---|
| Formato: | Desconhecido |
| Idioma: | English |
| Publicado em: |
Monroe, Maine :
Common Courage Press,
1992.
|
| Assuntos: | |
| Tags: |
Adicionar Tag
Sem tags, seja o primeiro a adicionar uma tag!
|
MARC
| LEADER | 000000000a22000000004500 | ||
|---|---|---|---|
| 001 | 011342 | ||
| 020 | |a 0962883824 | ||
| 041 | 0 | |a eng | |
| 082 | 0 | 4 | |a 363.705 |b M298c |
| 100 | 1 | |a Marable, Manning | |
| 245 | 1 | 4 | |a The Crisis of Color and Democracy = |b La crisis del color y la democracia / |c Manning Marable. |
| 246 | 3 | 1 | |a La crisis del color y la democracia |
| 260 | 1 | |a Monroe, Maine : |b Common Courage Press, |c 1992. | |
| 300 | |a 262 páginas | ||
| 500 | |a Colección George Yúdice | ||
| 650 | 4 | |a AFROAMERICANOS | |
| 650 | 4 | |a POLITICA Y GOBIERNO | |
| 650 | 4 | |a ESTADOS UNIDOS | |
| 650 | 4 | |a 1989 - 1993 | |
| 650 | 4 | |a 1981 - 1989 | |
| 999 | |c 16639 |d 16639 | ||
| 942 | |c BK |h 363.705 M298c |2 z | ||



